000 00489nab a2200145Ia 4500
003 ES-SlBCS
005 20210601131313.0
008 140529s1997 xxu||||| |||| 00| 0 fre d
041 _afre
100 1 _aEgea-Kuehne, Denise
_9139770
245 0 0 _aPhilosophie de l'éducation dans le monde anglophome
_c Denise Egea-Kuehne
650 0 4 _aFilosofía de la Educación-Mundo Anglosajón
_9183416
773 0 _tRevue Française de Pedagogie
_gnº. 121, 1997, págs. 141-155
_wRev888
942 _cAR
999 _c560968
_d560968